Normal view
MARC view
Entry Topical Term
001 - CONTROL NUMBER
- control field: 54250
003 - CONTROL NUMBER IDENTIFIER
- control field: dpl
005 - DATE AND TIME OF LATEST TRANSACTION
- control field: 20121212155934.0
008 - FIXED-LENGTH DATA ELEMENTS
- fixed length control field: 121212|||a|||||| | ||| d
040 ## - CATALOGING SOURCE
- Original cataloging agency: dpl
- Transcribing agency: dpl
150 ## - HEADING--TOPICAL TERM
- Topical term or geographic name as entry element: Microfinance
- Geographic subdivision: India
670 ## - SOURCE DATA FOUND
- Source citation: Work cat.: (dpl): Harper, Malcolm, 1935- 54245, Whose sustainability counts? : , 2012
670 ## - SOURCE DATA FOUND
- Source citation: Work cat.: (dpl): Harper, Malcolm, 1935- 54245, Whose sustainability counts? : , 2012
